1361 1563 1031 1416 1549 1773 1065 1973 1275 1820 1443 1387 1661 1714 1810 1284 1950 1116 1218 1960 1815 1291 1105 1705 1368 1566 1740 1586 1447 1679 1580 1428 1811 1511 1078 1798 1202 1773 1353 1688 1003 1532 1206 1143 1418 1911 1786 1527 1885 1626 1509 1856 1512 1019 1106 1587 1962 1853 1237 1823 1819 1653 1072 1201 1218 1921 1251 1439 1404 1629 1166 1621 1334 1296 1470 1226 1852 1892 1059 1882 1920 1005 1578 1935 1903 1494 1779 1197 1589 1684 1611 1346 1789 1387 1331 1126 1071 1422 1577 BCNSPRNW ULIB Ver.6.0+V

เปลี่ยนเป็นภาษาไทย

Change to English
 แสดงรายละเอียดบรรณานุกรม
  กลับหน้าหลัก

Brief Record : Get Marc (ISO 2709) : E-mail record : QR code < ปิดหน้าต่าง
LEADER : 00000nam 2200000uu 4500
001    13399112179
003     ULIB
008    110729s2546||||th 000 0 tha d
020    9746125648
020    9789746435642
050  4 HD30.28^bส221ท 2546
100 0  สมคิด พรมจุ้ย
245 10 เทคนิคการประเมินโครงการ /^cสมคิด พรมจุ้ย
260    นนทบุรี :^bโรงพิมพ์มหาวิทยาลัยสุโขทัยธรรมาธิราช,^c2546
300    290 หน้า
504    บรรณานุกรม: หน้า 286-290
650  7 การวิเคราะห์และประเมินโครงการ
945    ^p0^l0^i017007
995    ทศพร
999 ^a ทศพร
รายการนี้ยังไม่มีแท็ก
คุณยังไม่ได้ล็อกอิน คุณสามารถมีกิจกรรมร่วมกับเว็บไซต์ได้ แต่ต้องล็อกอินก่อน ::
  ล็อกอิน

รายการสื่อสารสนเทศ

ลำดับที่ ประเภท เลขเรียก/บาร์โค้ด สถานที่ สถานะ
- ไม่พบข้อมูล -

รายการใกล้เคียง
    ผู้แต่ง [สมคิด พรมจุ้ย]

    หัวเรื่อง [การวิเคราะห์และประเมินโครงการ]

BibComment


ยังไม่เคยถูกคอมเมนท์

คอมเมนท์ทรัพยากรรายการนี้
  คอมเมนท์: เทคนิคการประเมินโ..


 Copyright 2026. Bcnsprnw @Library